Sci-Fi Movies by Year - Statistics

General Stats
  • This quiz has been taken 73 times
  • The average score is 13 of 20
Answer Stats
Year Characters Movie % Correct
1977 Luke Skywalker, Han Solo Star Wars
92%
1993 Ian Malcolm, Dinosaurs Jurassic Park
88%
1980 Luk Skywalker, Han Solo The Empire strikes back
88%
1984 Sarah Connor, T-1000 The Terminator
88%
1979 Ellen Ripley, Dallas, Kane Alien
86%
1991 John Connor, T-1000 Terminator 2: Judgment Day
86%
1986 Ellen Ripley, Cpl. Dwayne Hicks Aliens
84%
1982 Elliott, Unnamed alien E.T.
82%
1983 Luke Skywalker, Han Solo Return of the Jedi
82%
2015 Max, Furiosa Mad Max: Fury Road
73%
1968 Hal 9000, David Bowman 2001 A Space Odyssey
67%
2009 Jake Sully, Neytiri Avatar
67%
1982 Rick Deckard, Rachael Blade Runner
65%
1987 Dutch, Hawkins Predator
57%
1927 The Machine, Freder Metropolis
53%
1968 George Taylor, Cornelius Planet of the Apes
47%
2008 EVE, Captain B. McCrea Wall-E
47%
2014 Cooper, Murph Interstellar
37%
1977 Roy Neary, Claude Lacombe Close Encounters of the Third Kind
22%
1953 Clayton Forrester, Sylvia van Buren The War of the Worlds
22%
No matching quizzes found
Score Distribution
Percent of People with Each Score
Percentile by Number Answered
Your Score History
You have not taken this quiz